Taman bunga herba (Record no. 123435)

MARC details
000 -LEADER
fixed length control field 00835nam a2200289 i 4500
001 - CONTROL NUMBER
control field C2-0323341
003 - CONTROL NUMBER IDENTIFIER
control field PPAK
005 - DATE AND TIME OF LATEST TRANSACTION
control field 20180728121945.0
008 - FIXED-LENGTH DATA ELEMENTS--GENERAL INFORMATION
fixed length control field 131023s my a|||| ||||| | may d
020 ## - INTERNATIONAL STANDARD BOOK NUMBER
International Standard Book Number 9789673718597
040 ## - CATALOGING SOURCE
Original cataloging agency PPAK
Language of cataloging eng
Transcribing agency PPAK
Description conventions rda
082 04 - DEWEY DECIMAL CLASSIFICATION NUMBER
Classification number 635.7
Edition number 23
090 00 - LOCALLY ASSIGNED LC-TYPE CALL NUMBER (OCLC); LOCAL CALL NUMBER (RLIN)
Classification number (OCLC) (R) ; Classification number, CALL (RLIN) (NR) 635.7
Feature heading SYA
Feature heading G
100 0# - MAIN ENTRY--PERSONAL NAME
Personal name Syamsul Hidayat,
Relator term author
245 10 - TITLE STATEMENT
Title Taman bunga herba
264 #1 - PRODUCTION, PUBLICATION, DISTRIBUTION, MANUFACTURE, AND COPYRIGHT NOTICE
Place of production, publication, distribution, manufacture Kuala Lumpur :
Name of producer, publisher, distributor, manufacturer Synergy Media ,
Date of production, publication, distribution, manufacture, or copyright notice [date of publication not identified]
300 ## - PHYSICAL DESCRIPTION
Extent 125 pages :
Other physical details colour illustrations ;
Dimensions 24 cm
336 ## - CONTENT TYPE
Source rdacontent
Content type term text
337 ## - MEDIA TYPE
Source rdamedia
Media type term unmediated
338 ## - CARRIER TYPE
Source rdacarrier
Carrier type term volume
490 1# - SERIES STATEMENT
Series statement Siri terapi herba
650 10 - SUBJECT ADDED ENTRY--TOPICAL TERM
Topical term or geographic name entry element Herb gardens.
700 ## - ADDED ENTRY--PERSONAL NAME
Relator term author
Personal name Hassan Noor ; Siti Salasiah Tamam,
Relator term editor
830 #0 - SERIES ADDED ENTRY--UNIFORM TITLE
Uniform title Siri terapi herba
942 ## - ADDED ENTRY ELEMENTS (KOHA)
-- dc
Koha item type Book
Holdings
Withdrawn Not for loan Current library Shelving location Date acquired Total Checkouts Total Renewals Full call number Barcode Date last seen Date last checked out Koha item type
    Perpustakaan Alor Setar Pinjaman Dewasa 10/11/2013 3 3 635.7 SYA A01417103 06/09/2025 28/08/2025 Book
    Perpustakaan Alor Setar Pinjaman Dewasa 10/11/2013 1   635.7 SYA A01417104 13/08/2020 23/07/2020 Book
    Perpustakaan Awam Sungai Petani Pinjaman Dewasa 10/11/2013 2 1 635.7 SYA A01417105 18/06/2025 14/05/2025 Book
    Perpustakaan Jitra Pinjaman Dewasa 10/11/2013     635.7 SYA A01417106 09/05/2018   Book